000 00432nab a2200145Ia 4500
003 ES-SlBCS
005 20210601125531.0
008 140529s1982 xxu||||| |||| 00| 0 eng d
041 _aeng
100 1 _aMargalit, Baruch
_9160062
245 0 0 _aUgaritic Lexicography I
_c Baruch Margalit
650 0 4 _aUgarítico-Lexicografía
_9160063
773 0 _tRevue Biblique Internacionale
_gvol. 89, 1982, págs. 418-426
_wRev879
942 _cAR
999 _c531863
_d531863